00387pab a2200133 454500008004000000100002700040245005300067260000900120300001300129362001100142650003800153650002800191773003400219180718b2011 xxu||||| |||| 00| 0 eng d aRamachandaran, Shastri aHaren Pandya's murder: Questions without answers c2011 ap.10-12. a24 Dec aGujarat - Politics and government aPolitics and government aEconomic and Political Weekly